000 00601nam a22002177a 4500
003 OSt
005 20240913105045.0
008 240913b |||||||| |||| 00| 0 eng d
020 _a0273655000
040 _cDDC
082 _a658.8 FIL 2002
100 _aFill, Chris
_919124
245 _aMarketing Communications: context, strategies and applications
250 _a3rd ed.
260 _aEngland;
_bFinancial times,
_c2002
300 _axxxii,790p;
_bcol.ill:
_c25cm
504 _aAppendix, & index included
650 _aMarketing
_9518
650 _aCommunication
_91820
942 _2ddc
_cO_SHELF
999 _c9370
_d9370